Johor Darul Takzim

Bibliographic Details
Main Author: Maruwiah Ahmat
Format: Book
Published: Shah Alam : Karisma Publications , 2008
Series:Kenali negeri kita
Subjects:

MARC

LEADER 00000cam a2200000 7i4500
001 0000027482
005 20151222.0
008 090908
020 |a 9831952849 
090 0 0 |a PLC   |b MAL 
100 1 |a Maruwiah Ahmat 
245 1 0 |a Johor Darul Takzim   |c Maruwiah Ahmat 
260 |a Shah Alam :   |b Karisma Publications ,   |c 2008 
440 |a Kenali negeri kita 
500 |a Children ages 10-12 years old (pink) 
650 0 |a Johor   |x description and travel   |x juvenile literature 
650 0 |a Johor   |x history   |x juvenile literature 
650 0 |a Johor   |x politics and government   |x juvenile literature 
999 |a 0001055817   |b Book   |c Children Collection   |e Cawangan Taman Universiti 
999 |a 0001055838   |b Book   |c Children Collection   |e Cawangan Taman Universiti 
999 |a 0001055841   |b Book   |c Children Collection   |e Cawangan AEON Kulaijaya 
999 |a 0001055854   |b Book   |c Children Collection   |e Cawangan AEON Kulaijaya